000 00561nam a2200181Ia 4500
003 GCL
008 140319s9999 xx 000 0 ara d
040 _aGCL /
_cGCL
082 0 4 _a813.03
_bم ت
100 1 _aمصطفى امين
245 1 0 _aتحيا الديمقراطية /
_cمصطفى امين
300 _a194 ص
490 _aالهيئة العامة للاستعلامات
_v0
650 0 4 _aالديمقراطية
650 0 4 _aالديمقراطية وحقوق الانسان
650 0 4 _aالديمقراطية - صحافة
942 _2ddc
_cBK
999 _c48523
_d48523